000 00872npm a2200229 i 4500
001 5100
003 ES-MaACL
005 20230909105901.0
007 hzrazu bucu
008 891019r19891917sp b 00010 spa d
080 _a929 Echegaray, José
100 1 _aEchegaray, José,
_d1832-1916
_946526
245 1 0 _aRecuerdos [
_hMicroforma] /
_cJose Echegaray.
260 _aMadrid :
_bAteneo Científico, Literario y Artístico,
_c1989.
300 _a4 microfichas :
_bnegativo.
505 8 _aContiene: Microficha n. 1: T. I., p. 1-245 - Microficha n. 2: T. I., p. 246-414 - Microficha n. 3: T. II., p. 1-410 - Microficha n. 4: T III., p. 1-409
534 _pPubl. originalmente en:
_cMadrid: Ruiz Hermanos, 1917 (3 v.)
600 1 4 _aEchegaray, José,
_d1832-1916
_946526
852 _aES-MaACL
_jMCF-10
_95217
942 _2udc
_cMICROFORMA
999 _c5100
_d5100